Teória a prax o výkrme mladého hovädzieho dobytka

Bibliographic Details
Main Author: Labuda, Ján, 1915-2010 (Author)
Format: Article
Language:Slovak
Subjects:

MARC

LEADER 00000nab a2200000 a 4500
001 vtls000137789
003 SK-MaSNL
005 20260303183823.0
008 111031c1981 xo 0 slo
015 |a SNBRA19rr/mm-uuuuu 
035 |a CL0147895 
040 |a SNKBUCL  |b slo  |c SNKBUCL  |e AACR2 
041 0 |a slo 
044 |a xo  |c SK 
080 |a 636.2  |2 1981 
080 |a 636.08  |2 1981 
100 1 |a Labuda, Ján,  |d 1915-2010  |4 aut  |9 170201 
245 1 0 |a Teória a prax o výkrme mladého hovädzieho dobytka  |c Ján Labuda 
650 0 7 |a hovädzí dobytok  |2 snkbucl  |9 2818 
655 7 |a články zo zborníkov  |2 snkbucl  |9 166140 
773 0 |t Zborník 1. Referáty a súhrny koreferátov z vedeckej konferencie AF VŠP v Nitre  |d Nitra : ÚVTIP, 1981 
850 |a Slovenská národná knižnica v Martine  |a MTA001 
852 |a SNK  |b KIS3GCP 
958 |a RK 
992 |a RZB 
999 |c 2123313  |d 2125243